| 000 | 00594nam a2200205Ia 4500 | ||
|---|---|---|---|
| 003 | GCL | ||
| 008 | 140319s9999 xx 000 0 ara d | ||
| 040 |
_aGCL / _cGCL |
||
| 082 | 0 | 4 |
_a281.9 _bغ ا |
| 100 | 1 | _aغالى شكرى | |
| 245 | 1 | 0 |
_aالاقباط فى وطن متغير / _cغالى شكرى |
| 260 |
_a[S.N] : _bدار الشروق ، _c1991 |
||
| 300 | _a251 ص | ||
| 490 | _a | ||
| 650 | 0 | 4 | _aالكنيسة والدولة |
| 650 | 0 | 4 | _aالدين والدولة |
| 650 | 0 | 4 | _aالمسيحية - مصر |
| 650 | 0 | 4 | _aالبابا شنودة الثالث |
| 942 |
_2ddc _cBK |
||
| 999 |
_c31232 _d31232 |
||